General, Organic, and Biochemistry (Record no. 17161)
[ view plain ]
| 000 -LEADER | |
|---|---|
| fixed length control field | 00291nam a22001097a 4500 |
| 008 - FIXED-LENGTH DATA ELEMENTS--GENERAL INFORMATION | |
| fixed length control field | 140529t xxu||||| |||| 00| 0 eng d |
| 020 ## - INTERNATIONAL STANDARD BOOK NUMBER | |
| International Standard Book Number | 978-0-534-49349-3 |
| 100 ## - MAIN ENTRY--PERSONAL NAME | |
| Personal name | James Armstrong |
| 9 (RLIN) | 923 |
| 245 ## - TITLE STATEMENT | |
| Title | General, Organic, and Biochemistry |
| Remainder of title | an applied approach |
| 300 ## - PHYSICAL DESCRIPTION | |
| Extent | 721 |
| 942 ## - ADDED ENTRY ELEMENTS (KOHA) | |
| Source of classification or shelving scheme | |
| Koha item type | Book |
| Withdrawn status | Lost status | Source of classification or shelving scheme | Damaged status | Not for loan | Collection code | Permanent Location | Current Location | Date acquired | Total Checkouts | Barcode | Date last seen | Price effective from | Koha item type |
|---|---|---|---|---|---|---|---|---|---|---|---|---|---|
| Atta-ur-Rahman School of Applied Biosciences (ASAB) | Atta-ur-Rahman School of Applied Biosciences (ASAB) | 05/29/2014 | ASAB1570 | 05/29/2014 | 05/29/2014 | Book |
